000 00349 a2200157 4500
001 179868
020 _a
040 _cMagnum
100 _a-
240 1 0 _aCarlos drumond de andrade especial
_lpor
245 1 0 _aCarlos drumond de andrade especial
362 0 _a1899
440 1 _aJosé Olympio
697 _aMAGNITO: A/ANTOLOGIA
942 _cBK
999 _c179868
_d179868